Les nationalités en France - Statistiques

Statistiques générales
  • Ce quiz a été pris 141 fois
  • Le résultat moyen est 5 sur 10
Statistiques - réponses
Top Nationalités % Correct
3 Portugais
79%
1 Algériens
71%
2 Marocains
70%
4 Tunisiens
63%
7 Espagnols
59%
5 Italiens
59%
8 Chinois
47%
6 Turcs
29%
10 Roumains
23%
9 Britanniques
10%
Aucun quiz correspondant
Distribution des résultats
% des personnes avec chaque résultat
Percentile par nombre de réponses
Votre historique - résultats
Vous n’avez pas pris ce quiz